00342nam a22001337a 450000500170000001000130001702000110003003500130004103700220005408200080007624500680008426000370015230000190018920230606111815.0 aB-647464 c172.00 aB-647464 bK.K. Publications a000 aSSC delhi police constable karyakari Aadharit pariksha 2016-17/ aDelhibK.K. Publicationsc(201?) avp.c22cm(pbk)